[Event "Zuerich Jubilee op"]
[Site "Zuerich"]
[Date "2009.08.10"]
[Round "3"]
[White "Sutovsky, Emil"]
[Black "Giri, Anish"]
[Result "1/2-1/2"]
[WhiteElo "2675"]
[BlackElo "2518"]
[Annotator "Pein,M"]
[PlyCount "70"]
[EventDate "2009.08.09"]
[EventType "swiss"]
[EventRounds "9"]
[EventCountry "SUI"]
[SourceTitle "CBM 131 Extra"]
[Source "ChessBase"]
[SourceDate "2009.09.03"]
[SourceVersion "2"]
[SourceVersionDate "2009.09.16"]
[SourceQuality "1"]

1. e4 c5 2. Nf3 e6 3. Nc3 Nc6 4. d4 cxd4 5. Nxd4 Qc7 6. Be3 {#} a6 {A very
flexible system. Black may enter the Taimanov Siclians with an early b5 or the
Scheveningen with d6 and Nf6 or something else depending what White plays.
White also has to watch out for Bf8-b4, another line. Black avoids some of the
nasty stuff that can be thrown at his position involving an early g2-g4} 7. Qd2
Nf6 8. O-O-O Be7 9. f3 h5 {That puts paid to g4 for a while. For a good
example of this plan in a Najdorf setting see Eggeleston-Gordon from last
week's British Championships #} 10. Qf2 d6 11. Kb1 Ne5 12. h3 b5 13. Bd3 b4 14.
Nce2 h4 15. Nb3 Nfd7 {Covering b6 and perhaps contemplating g7-g5 securing the
Ne5} 16. f4 Nxd3 17. cxd3 a5 18. Rc1 Qb7 {Black is justifiably claiming both
his rooks are in play ! #} 19. g4 a4 (19... hxg3 {May be OK but gives White
some chances to attack for example} 20. Qxg3 Qa6 21. Rhd1 a4 22. Nbd4 Bb7 23.
Qxg7 Rxh3 24. f5 e5 25. Qg8+ Bf8 26. Ne6 $1) 20. Nd2 Qa6 21. Nc4 d5 $1 {
When Black plays this liberating move in the Sicilian it is nearly always good
#} 22. exd5 exd5 23. Ne5 Nxe5 24. fxe5 b3 (24... Qxd3+ 25. Ka1 a3 26. b3 O-O
27. Nd4 {with Rc7 coming did not appeal instead Giri finds an exquisite
combination}) 25. a3 Qxd3+ 26. Ka1 {#} Bxa3 $3 27. Rc3 (27. bxa3 b2+ 28. Kxb2
Rb8+ 29. Bb6 Qb3+ 30. Ka1 Qxa3+ 31. Kb1 Rh6 {would be an amusing finish I told
you those rooks were actually playing}) 27... Bxb2+ $1 28. Kxb2 a3+ 29. Ka1 Ba6
({A lovely idea but these confounded computers tell us it was not objectively
correct} 29... b2+ 30. Ka2 Qe4 31. Rf1 O-O {with Ba6 to follow should win}) 30.
Rxd3 Bxd3 31. Rd1 ({The beastie proposes} 31. Bd4 O-O 32. Qe3 b2+ 33. Ka2 Bc4+
34. Kb1 Rfb8 35. Kc2 {But we can forgive both players for deciding they had
had enough excitement and presumably time was a big factor as well.}) 31... b2+
32. Ka2 Bc4+ 33. Kb1 Bd3+ 34. Ka2 Bc4+ 35. Kb1 Bd3+ {#} (35... Bd3+ 36. Rxd3
a2+ 37. Kxb2 a1=Q+ {leads to mate}) 1/2-1/2

[Event "NBSB-chA"]
[Site "Roosendaal"]
[Date "2009.08.28"]
[Round "1"]
[White "Giri, Anish"]
[Black "Boogaard, Sander"]
[Result "1-0"]
[WhiteElo "2523"]
[BlackElo "2015"]
[PlyCount "157"]
[EventDate "2009.08.28"]
[EventType "swiss (rapid)"]
[EventRounds "6"]
[EventCountry "NED"]
[SourceTitle "CBM 132 Extra"]
[Source "ChessBase"]
[SourceDate "2009.11.03"]
[SourceVersion "1"]
[SourceVersionDate "2009.11.03"]
[SourceQuality "1"]

1. d4 Nf6 2. c4 e6 3. Nf3 d5 4. Nc3 c6 5. Qb3 Be7 6. Bg5 O-O 7. e3 dxc4 8. Bxc4
b5 9. Be2 Nbd7 10. O-O a6 11. Rfd1 Bb7 12. Rac1 Qb6 13. Ne5 Bd8 14. Nxd7 Nxd7
15. Bxd8 Raxd8 16. Ne4 e5 17. dxe5 Nxe5 18. Qc3 Qc7 19. b4 Qe7 20. h3 Rd5 21.
Nc5 Rxd1+ 22. Rxd1 Bc8 23. Qd4 Re8 24. a3 h6 25. Kf1 Qc7 26. Qd6 Qb6 27. Rd4
Nc4 28. Bxc4 bxc4 29. Rxc4 a5 30. Kg1 Rd8 31. Na4 Rxd6 32. Nxb6 Ba6 33. Rd4
Rxd4 34. exd4 axb4 35. axb4 Kf8 36. d5 cxd5 37. Nxd5 Bc4 38. Ne3 Bb5 39. Kh2 g6
40. Kg3 Ke7 41. Ng4 f5 42. Ne3 Ke6 43. f4 g5 44. h4 Bd3 45. hxg5 hxg5 46. fxg5
Ke5 47. Kf3 f4 48. Ng4+ Kf5 49. Nf2 Bb5 50. Nh3 Bc6+ 51. Kf2 Bb5 52. g6 Kxg6
53. Nxf4+ Kf5 54. Ke3 Ke5 55. g3 Bd7 56. Nd3+ Kd5 57. Nc5 Be8 58. Ne4 Bg6 59.
Nd2 Bf5 60. b5 Kc5 61. Ne4+ Kb6 62. Kd4 Bg4 63. Nc3 Bf3 64. Kc4 Bg4 65. Kb4 Be6
66. Na4+ Kc7 67. Kc5 Bh3 68. Nc3 Bg2 69. Nd5+ Kb7 70. b6 Bf3 71. Nc3 Kc8 72.
Nd5 Kb7 73. Ne3 Kc8 74. g4 Bb7 75. Kd6 Be4 76. Nd5 Kb7 77. g5 Bg6 78. Kc5 Be4
79. Ne7 1-0

[Event "NBSB-chA"]
[Site "Roosendaal"]
[Date "2009.08.29"]
[Round "2"]
[White "Colijn, Stefan"]
[Black "Giri, Anish"]
[Result "0-1"]
[WhiteElo "2250"]
[BlackElo "2523"]
[PlyCount "74"]
[EventDate "2009.08.28"]
[EventType "swiss (rapid)"]
[EventRounds "6"]
[EventCountry "NED"]
[SourceTitle "CBM 132 Extra"]
[Source "ChessBase"]
[SourceDate "2009.11.03"]
[SourceVersion "1"]
[SourceVersionDate "2009.11.03"]
[SourceQuality "1"]

1. Nf3 Nf6 2. c4 c6 3. d4 d5 4. Nc3 dxc4 5. a4 Bf5 6. e3 e6 7. Bxc4 Bb4 8. O-O
Nbd7 9. Qb3 a5 10. Rd1 O-O 11. h3 h6 12. Ne2 Ne4 13. Nd2 Nxd2 14. Bxd2 Bxd2 15.
Rxd2 Nc5 16. Qa3 Ne4 17. Rdd1 Qh4 18. Rf1 Nd2 19. Rfc1 Bxh3 20. Bd3 Bf5 21. f3
Bh3 22. Nf4 Nxf3+ 23. gxf3 Qg3+ 24. Kh1 Qxf3+ 25. Kh2 Qf2+ 26. Kh1 Bg4 27. Be4
g5 28. Ng2 f5 29. Rc2 Qg3 30. Bd3 Bf3 31. Qb3 Rae8 32. Bf1 Re7 33. Qc3 h5 34.
Qc5 Rff7 35. Qe5 h4 36. Kg1 Qg4 37. Qh2 h3 0-1

[Event "NBSB-chA"]
[Site "Roosendaal"]
[Date "2009.08.29"]
[Round "3"]
[White "Giri, Anish"]
[Black "Afek, Yochanan"]
[Result "1-0"]
[WhiteElo "2523"]
[BlackElo "2294"]
[PlyCount "75"]
[EventDate "2009.08.28"]
[EventType "swiss (rapid)"]
[EventRounds "6"]
[EventCountry "NED"]
[SourceTitle "CBM 132 Extra"]
[Source "ChessBase"]
[SourceDate "2009.11.03"]
[SourceVersion "1"]
[SourceVersionDate "2009.11.03"]
[SourceQuality "1"]

1. d4 d5 2. c4 dxc4 3. Nf3 c5 4. e3 Be6 5. Nc3 Nf6 6. Ng5 Bg4 7. f3 Bh5 8. d5
h6 9. Nh3 g5 10. Bxc4 Nbd7 11. e4 a6 12. a4 Bg7 13. Nf2 Qc7 14. Be3 Rg8 15. Be2
Kf8 16. Qd2 Rd8 17. h4 gxh4 18. Bf4 Ne5 19. Rxh4 Bg6 20. Bxh6 Rh8 21. Bg5 Rxh4
22. Bxh4 Nc6 23. Bd1 Qh2 24. Nh3 Nd4 25. Kf2 Nh5 26. f4 Bf6 27. Bxf6 Nxf6 28.
f5 Bh7 29. Qf4 Qxf4+ 30. Nxf4 Nd7 31. Nce2 Nxe2 32. Bxe2 Rb8 33. g4 f6 34. g5
fxg5 35. Ne6+ Kf7 36. Rh1 Bg8 37. Rh6 b5 38. Bh5# 1-0

[Event "NBSB-chA"]
[Site "Roosendaal"]
[Date "2009.08.29"]
[Round "4"]
[White "Sprangers, Remco"]
[Black "Giri, Anish"]
[Result "1-0"]
[WhiteElo "2257"]
[BlackElo "2523"]
[PlyCount "65"]
[EventDate "2009.08.28"]
[EventType "swiss (rapid)"]
[EventRounds "6"]
[EventCountry "NED"]
[SourceTitle "CBM 132 Extra"]
[Source "ChessBase"]
[SourceDate "2009.11.03"]
[SourceVersion "1"]
[SourceVersionDate "2009.11.03"]
[SourceQuality "1"]

1. e4 c5 2. Nf3 e6 3. d4 cxd4 4. Nxd4 Nc6 5. Nc3 Qc7 6. Be2 a6 7. Be3 Nf6 8.
O-O Be7 9. f4 d6 10. Kh1 O-O 11. Qe1 Nxd4 12. Bxd4 b5 13. Qg3 Bb7 14. a3 Rad8
15. Rad1 Rd7 16. Bf3 Qd8 17. Bxf6 Bxf6 18. e5 Be7 19. Bxb7 Rxb7 20. exd6 Bxd6
21. Ne4 Rd7 22. Qd3 Qc7 23. f5 exf5 24. Rxf5 Re8 25. Rd5 Rde7 26. Rxd6 Kf8 27.
Ng3 Re3 28. Qd2 h5 29. Rd7 Re1+ 30. Rxe1 Rxe1+ 31. Qxe1 Qxd7 32. Nxh5 Qf5 33.
Qd1 1-0

[Event "NBSB-chA"]
[Site "Roosendaal"]
[Date "2009.08.30"]
[Round "5"]
[White "Broekmeulen, Jasper"]
[Black "Giri, Anish"]
[Result "0-1"]
[WhiteElo "2346"]
[BlackElo "2523"]
[PlyCount "114"]
[EventDate "2009.08.28"]
[EventType "swiss (rapid)"]
[EventRounds "6"]
[EventCountry "NED"]
[SourceTitle "CBM 132 Extra"]
[Source "ChessBase"]
[SourceDate "2009.11.03"]
[SourceVersion "1"]
[SourceVersionDate "2009.11.03"]
[SourceQuality "1"]

1. e4 c5 2. Nf3 d6 3. d4 cxd4 4. Nxd4 Nf6 5. Nc3 a6 6. f4 e5 7. Nf5 Nc6 8. fxe5
Nxe4 9. Nxg7+ Bxg7 10. Nxe4 Qa5+ 11. Bd2 Qxe5 12. Qe2 O-O 13. Bc3 Nd4 14. Rd1
Nxe2 15. Bxe5 Bxe5 16. Bxe2 Bf5 17. Bf3 Rad8 18. O-O Rfe8 19. Ng5 Bxc2 20. Rd2
Bg6 21. Bxb7 h6 22. Ne4 Rb8 23. Bd5 Kg7 24. b3 Rb4 25. Ng3 Rf4 26. Ne2 Rxf1+
27. Kxf1 h5 28. g3 h4 29. Kf2 Rh8 30. Kg2 a5 31. Nd4 Re8 32. a3 Bf6 33. b4 axb4
34. axb4 hxg3 35. hxg3 Re3 36. b5 Rd3 37. Nf3 Bd8 38. Rxd3 Bxd3 39. Bc6 Bb6 40.
Ng5 Kf6 41. Ne4+ Ke5 42. Kf3 Bc2 43. Ng5 f6 44. Nh3 d5 45. Nf2 f5 46. g4 Be4+
47. Ke2 Bd8 48. gxf5 Bxf5 49. Nd3+ Kd6 50. Nf4 d4 51. Nd3 Bg4+ 52. Kd2 Ba5+ 53.
Kc2 Bf5 54. Bf3 Kc7 55. Bc6 Kb6 56. Bf3 Kxb5 57. Be2 Kc4 0-1

[Event "NBSB-chA"]
[Site "Roosendaal"]
[Date "2009.08.30"]
[Round "6"]
[White "Giri, Anish"]
[Black "Van den Doel, Erik"]
[Result "1/2-1/2"]
[WhiteElo "2523"]
[BlackElo "2589"]
[PlyCount "75"]
[EventDate "2009.08.28"]
[EventType "swiss (rapid)"]
[EventRounds "6"]
[EventCountry "NED"]
[SourceTitle "CBM 132 Extra"]
[Source "ChessBase"]
[SourceDate "2009.11.03"]
[SourceVersion "1"]
[SourceVersionDate "2009.11.03"]
[SourceQuality "1"]

1. d4 d5 2. c4 dxc4 3. Nf3 e6 4. e4 b5 5. a4 c6 6. Nc3 b4 7. Nb1 Nf6 8. e5 Nd5
9. Bg5 Be7 10. Bxe7 Qxe7 11. Bxc4 c5 12. dxc5 Bb7 13. Bb5+ Bc6 14. Nbd2 O-O 15.
Qc2 Rc8 16. Nb3 Bb7 17. Na5 Rxc5 18. Qd2 Ba6 19. Nb3 Rxb5 20. axb5 Bxb5 21.
Nfd4 Ba6 22. f3 Qc7 23. Kf2 Qxe5 24. g3 Bc8 25. Rhc1 Bd7 26. Ra5 Qd6 27. Qc2
Na6 28. Rca1 Rc8 29. Qd2 Nb8 30. Rc1 Rd8 31. Rac5 h6 32. Qd3 Qb6 33. Kg2 a6 34.
Kh1 Qd6 35. Na5 Qb6 36. Nab3 Ne7 37. Qe4 Ba4 38. Ra5 1/2-1/2

[Event "Akhisar Manisa ol U16"]
[Site "Akhisar Manisa"]
[Date "2009.09.25"]
[Round "1"]
[White "Egodage, Keshan"]
[Black "Girish, A Koushnik"]
[Result "0-1"]
[WhiteElo "1821"]
[BlackElo "2250"]
[PlyCount "76"]
[EventDate "2009.09.25"]
[EventType "team-swiss"]
[EventRounds "10"]
[EventCountry "TUR"]
[SourceTitle "CBM 132 Extra"]
[Source "ChessBase"]
[SourceDate "2009.11.03"]
[SourceVersion "1"]
[SourceVersionDate "2009.11.03"]
[SourceQuality "1"]

1. d4 d5 2. Nf3 Nf6 3. Bf4 Bf5 4. e3 e6 5. Be2 Bd6 6. Bg3 Ne4 7. Nbd2 Nxg3 8.
fxg3 Nd7 9. O-O c6 10. c3 Qe7 11. Rc1 g5 12. c4 Bg6 13. Qb3 Rb8 14. Bd3 f5 15.
Ne1 O-O 16. Nc2 g4 17. Rf2 h5 18. Nf1 Kg7 19. Qc3 Nf6 20. c5 Bc7 21. b4 Rh8 22.
Na1 h4 23. gxh4 Bxh2+ 24. Kxh2 Ne4 25. g3 Nxc3 26. Rxc3 Rh6 27. Nb3 Rbh8 28.
Kg2 Rxh4 29. gxh4 Qxh4 30. Rf4 Qh3+ 31. Kf2 g3+ 32. Nxg3 Qh2+ 33. Ke1 Qxg3+ 34.
Kd2 Rh2+ 35. Be2 Bh5 36. Nc1 Bxe2 37. Kc2 Bc4+ 38. Kb1 Qg2 0-1

[Event "Akhisar Manisa ol U16"]
[Site "Akhisar Manisa"]
[Date "2009.09.26"]
[Round "2"]
[White "Girish, A Koushnik"]
[Black "Sathyanandha, Saravanan"]
[Result "1-0"]
[WhiteElo "2250"]
[BlackElo "2010"]
[PlyCount "129"]
[EventDate "2009.09.25"]
[EventType "team-swiss"]
[EventRounds "10"]
[EventCountry "TUR"]
[SourceTitle "CBM 132 Extra"]
[Source "ChessBase"]
[SourceDate "2009.11.03"]
[SourceVersion "1"]
[SourceVersionDate "2009.11.03"]
[SourceQuality "1"]

1. d4 Nf6 2. Nf3 e6 3. c4 b6 4. a3 Bb7 5. Nc3 d6 6. d5 g6 7. e4 Bg7 8. Be2 O-O
9. O-O Nbd7 10. Be3 a6 11. Nd2 Qe7 12. Bd4 Rfe8 13. Re1 Rac8 14. Bf1 exd5 15.
cxd5 h5 16. h3 Nh7 17. Bxg7 Kxg7 18. Nb3 Qg5 19. Nd4 Nhf6 20. g3 Qh6 21. h4 Nc5
22. Bg2 Ng4 23. b4 Nd7 24. Rc1 b5 25. Nb3 c5 26. dxc6 Bxc6 27. f4 Ndf6 28. Qd4
Kg8 29. Na5 Qg7 30. Nxc6 Rxc6 31. Qd2 Rc4 32. Qxd6 Nd5 33. Ne2 Rxc1 34. Rxc1
Qb2 35. Bf3 Nde3 36. Qd3 Nc4 37. Qc3 Qd2 38. Qxd2 Nxd2 39. Bxg4 hxg4 40. e5 Nc4
41. Kf2 Rd8 42. Ke1 Rd3 43. Rc3 Rxc3 44. Nxc3 Nxa3 45. Nd5 Nc2+ 46. Kd2 Nd4 47.
Ke3 Nf5+ 48. Kf2 Kf8 49. Nc7 Ke7 50. Nxa6 Nd4 51. Nc7 Nc2 52. Nxb5 Nxb4 53. Nd4
Nd5 54. Ke2 f5 55. h5 gxh5 56. Nxf5+ Kf7 57. Ne3 Nb4 58. Kd2 Ke6 59. Kc3 Nc6
60. Kd3 Ne7 61. Ke4 h4 62. gxh4 g3 63. f5+ Nxf5 64. Nxf5 g2 65. Nd4+ 1-0

[Event "Akhisar Manisa ol U16"]
[Site "Akhisar Manisa"]
[Date "2009.09.27"]
[Round "4"]
[White "Topak, Engin"]
[Black "Girish, A Koushnik"]
[Result "1-0"]
[WhiteElo "2098"]
[BlackElo "2250"]
[PlyCount "119"]
[EventDate "2009.09.25"]
[EventType "team-swiss"]
[EventRounds "10"]
[EventCountry "TUR"]
[SourceTitle "CBM 132 Extra"]
[Source "ChessBase"]
[SourceDate "2009.11.03"]
[SourceVersion "1"]
[SourceVersionDate "2009.11.03"]
[SourceQuality "1"]

1. d4 d5 2. c4 c6 3. Nc3 Nf6 4. Nf3 dxc4 5. a4 Bf5 6. e3 e6 7. Bxc4 Bb4 8. O-O
Nbd7 9. Qe2 Bg6 10. Bd2 a5 11. Rfd1 O-O 12. h3 Qe7 13. Nh4 Bh5 14. g4 Bxc3 15.
Bxc3 Ne4 16. Ng2 Bg6 17. Be1 e5 18. f3 Nd6 19. Bh4 Qe8 20. Ba2 e4 21. f4 h6 22.
f5 Bh7 23. Nf4 Kh8 24. Rac1 Bg8 25. Bg3 g6 26. Rc5 Kh7 27. Re5 Qd8 28. fxg6+
fxg6 29. Bxg8+ Rxg8 30. Ne6 Qc8 31. Ng5+ hxg5 32. Re7+ Kh6 33. Bxd6 Nf6 34. Rf1
Nd5 35. Ref7 Qe6 36. Bf8+ Raxf8 37. Rxf8 Nf4 38. R1xf4 gxf4 39. Rxf4 Kg7 40.
Qf2 Rh8 41. Kg2 Rc8 42. Qc2 Re8 43. Qc5 Qd5 44. Qc2 Qe6 45. Qf2 Qe7 46. Qe1 Qd8
47. Qg3 Qe7 48. Rf2 Rd8 49. Qf4 Re8 50. g5 Kg8 51. Qf6 Qh7 52. Rf4 Qg7 53. Kg3
Qh7 54. h4 Qg7 55. Qd6 Kh8 56. Rf6 Kh7 57. h5 Qe7 58. Qxe7+ Rxe7 59. Rxg6 Rf7
60. Rf6 1-0

[Event "Akhisar Manisa ol U16"]
[Site "Akhisar Manisa"]
[Date "2009.09.30"]
[Round "7"]
[White "Guliyev, Murrat"]
[Black "Girish, A Koushnik"]
[Result "1/2-1/2"]
[WhiteElo "2089"]
[BlackElo "2250"]
[PlyCount "159"]
[EventDate "2009.09.25"]
[EventType "team-swiss"]
[EventRounds "10"]
[EventCountry "TUR"]
[SourceTitle "CBM 132 Extra"]
[Source "ChessBase"]
[SourceDate "2009.11.03"]
[SourceVersion "1"]
[SourceVersionDate "2009.11.03"]
[SourceQuality "1"]

1. Nf3 d5 2. g3 Nf6 3. Bg2 c6 4. O-O Bg4 5. h3 Bh5 6. d3 Nbd7 7. Nbd2 e5 8. e4
dxe4 9. dxe4 Bc5 10. c3 O-O 11. Qe2 a5 12. a4 Re8 13. Rd1 Qc7 14. Nf1 Rad8 15.
b3 Qb6 16. N1d2 Nf8 17. Rb1 Bxf2+ 18. Qxf2 Qxf2+ 19. Kxf2 Nxe4+ 20. Nxe4 Rxd1
21. g4 Bg6 22. Nfd2 Rd8 23. Ra1 Bxe4 24. Nxe4 Ne6 25. Bf3 R1d3 26. Be3 Nf4 27.
Bxf4 exf4 28. Re1 Kf8 29. h4 b6 30. g5 Re8 31. Re2 c5 32. Bg4 Re5 33. Bf3 h6
34. Rb2 hxg5 35. hxg5 Re3 36. Re2 Rxe2+ 37. Kxe2 f5 38. gxf6 gxf6 39. Kd2 f5
40. Nd6 Kg7 41. Nc4 Re6 42. Bd5 Rh6 43. Ke2 Kf6 44. Kf2 Kg5 45. Kg2 f3+ 46.
Kxf3 Rh3+ 47. Kg2 Rxc3 48. Nxb6 Kf4 49. Bc4 Rc2+ 50. Kf1 Kg3 51. Nd7 f4 52.
Nxc5 f3 53. Ne4+ Kf4 54. Nf6 Rb2 55. Kg1 Rg2+ 56. Kf1 Rg6 57. Nd5+ Kg3 58. Ne3
Rg5 59. Ke1 Re5 60. Kd2 f2 61. Nf1+ Kf3 62. Nh2+ Kg3 63. Nf1+ Kg2 64. Ne3+ Kf3
65. Nf1 Re1 66. Bd5+ Kg4 67. Bc4 Kf4 68. Bb5 Ke4 69. Bc4 Kd4 70. Nh2 Kc5 71.
Nf1 Kd4 72. Nh2 Ra1 73. Ke2 Ra2+ 74. Kf3 Kc3 75. Ng4 f1=Q+ 76. Bxf1 Kxb3 77.
Bb5 Rxa4 78. Bxa4+ Kxa4 79. Ke2 Kb3 80. Kd2 1/2-1/2

[Event "Akhisar Manisa ol U16"]
[Site "Akhisar Manisa"]
[Date "2009.10.01"]
[Round "8"]
[White "Girish, A Koushnik"]
[Black "Csirik, Andras"]
[Result "1-0"]
[WhiteElo "2250"]
[BlackElo "2271"]
[PlyCount "77"]
[EventDate "2009.09.25"]
[EventType "team-swiss"]
[EventRounds "10"]
[EventCountry "TUR"]
[SourceTitle "CBM 132 Extra"]
[Source "ChessBase"]
[SourceDate "2009.11.03"]
[SourceVersion "1"]
[SourceVersionDate "2009.11.03"]
[SourceQuality "1"]

1. d4 d5 2. Nf3 Nf6 3. c4 c6 4. Qc2 g6 5. Bf4 Bf5 6. Qb3 Qb6 7. c5 Qxb3 8. axb3
Nbd7 9. Nc3 Bg7 10. h3 h6 11. e3 g5 12. Bh2 O-O 13. b4 a6 14. Be2 Rfe8 15. g4
Be4 16. Nxe4 Nxe4 17. Ne5 Nef6 18. Bd3 Nxe5 19. Bxe5 Nd7 20. Bxg7 Kxg7 21. f4
e6 22. h4 Rh8 23. Kf2 f6 24. Rh3 Nf8 25. hxg5 hxg5 26. Rxh8 Kxh8 27. Rh1+ Kg7
28. Rh5 gxf4 29. exf4 Re8 30. Kf3 Re7 31. Rh1 Re8 32. Re1 Kf7 33. g5 f5 34. Rh1
Kg7 35. Kg3 Ng6 36. Be2 Ne7 37. Bh5 Rh8 38. Bf3 Rd8 39. Re1 1-0

[Event "Akhisar Manisa ol U16"]
[Site "Akhisar Manisa"]
[Date "2009.10.01"]
[Round "9"]
[White "Girish, A Koushnik"]
[Black "Petrosyan, Tigran S"]
[Result "1/2-1/2"]
[WhiteElo "2250"]
[BlackElo "2073"]
[PlyCount "115"]
[EventDate "2009.09.25"]
[EventType "team-swiss"]
[EventRounds "10"]
[EventCountry "TUR"]
[SourceTitle "CBM 132 Extra"]
[Source "ChessBase"]
[SourceDate "2009.11.03"]
[SourceVersion "1"]
[SourceVersionDate "2009.11.03"]
[SourceQuality "1"]

1. d4 d5 2. Nf3 Nf6 3. c4 e6 4. Nc3 Nbd7 5. Qc2 c6 6. e3 Bd6 7. g4 Nxg4 8. Rg1
Qf6 9. Rxg4 Qxf3 10. Rxg7 Nf6 11. h3 Bd7 12. Qe2 Qxe2+ 13. Bxe2 Ke7 14. c5 Bc7
15. f4 b6 16. b4 a5 17. b5 bxc5 18. Ba3 cxb5 19. Bxb5 Rag8 20. Rxg8 Rxg8 21.
O-O-O Bxb5 22. Nxb5 Kd7 23. dxc5 Ne4 24. Nd4 Rg3 25. f5 Rxe3 26. fxe6+ fxe6 27.
c6+ Kc8 28. Bb2 Ng3 29. Nb5 Nf5 30. Rg1 Bg3 31. Kd2 Re4 32. Bc3 a4 33. Ba5 Bf4+
34. Kc2 Ne7 35. c7 Kb7 36. Rg7 Nc8 37. Nc3 Rc4 38. Kd3 Ka6 39. Rg8 Kxa5 40.
Rxc8 Rxc7 41. Ra8+ Kb6 42. Re8 Rc6 43. Nxa4+ Ka5 44. Ra8+ Kb4 45. Nb2 e5 46.
Rb8+ Kc5 47. Na4+ Kd6 48. Rd8+ Ke6 49. Nc3 Rd6 50. Rxd6+ Kxd6 51. a4 d4 52.
Ne4+ Kc6 53. Kc4 h6 54. Nc5 Bg5 55. Nb3 Bf6 56. a5 Be7 57. Nxd4+ exd4 58. Kxd4
1/2-1/2

[Event "Akhisar Manisa ol U16"]
[Site "Akhisar Manisa"]
[Date "2009.10.02"]
[Round "10"]
[White "Girish, A Koushnik"]
[Black "Arig, Busra"]
[Result "1-0"]
[WhiteElo "2250"]
[BlackElo "1740"]
[PlyCount "93"]
[EventDate "2009.09.25"]
[EventType "team-swiss"]
[EventRounds "10"]
[EventCountry "TUR"]
[SourceTitle "CBM 132 Extra"]
[Source "ChessBase"]
[SourceDate "2009.11.03"]
[SourceVersion "1"]
[SourceVersionDate "2009.11.03"]
[SourceQuality "1"]

1. d4 Nf6 2. Nf3 e6 3. c4 d5 4. Nc3 b6 5. Bg5 Be7 6. e3 Bb7 7. cxd5 Nxd5 8.
Bxe7 Qxe7 9. Rc1 O-O 10. Bd3 Rd8 11. O-O Nb4 12. Bb1 c5 13. a3 cxd4 14. exd4
Nd5 15. Re1 Nd7 16. Nxd5 Bxd5 17. Rc3 Rac8 18. Qc2 Be4 19. Qxe4 Nf8 20. Rce3
Qf6 21. Ne5 Rc7 22. Rf3 Qg5 23. h4 Qd2 24. Nd3 Qh6 25. Rd1 Rdc8 26. g3 Nd7 27.
Ne5 Nf6 28. Qd3 Rc1 29. Rxc1 Rxc1+ 30. Kg2 Rc7 31. Re3 Nd5 32. Re1 g6 33. Ba2
Nf6 34. Qf3 Qg7 35. Nxf7 Rxf7 36. Rxe6 Kh8 37. d5 h6 38. d6 Kh7 39. Re2 Rd7 40.
Qc6 h5 41. Be6 Rd8 42. Qc7 Rf8 43. Bh3 Rf7 44. Qc4 Ng4 45. Bxg4 hxg4 46. Qxg4
Rd7 47. Qxd7 1-0

[Event "NED-chT 0910"]
[Site "Netherlands"]
[Date "2010.02.20"]
[Round "5.2"]
[White "Klip, Hans"]
[Black "Giri, Anish"]
[Result "0-1"]
[WhiteElo "2371"]
[BlackElo "2588"]
[PlyCount "118"]
[EventDate "2009.09.26"]
[EventType "team"]
[EventRounds "9"]
[EventCountry "NED"]
[SourceTitle "EXT 2011"]
[Source "ChessBase"]
[SourceDate "2010.11.26"]
[SourceVersion "1"]
[SourceVersionDate "2010.11.26"]
[SourceQuality "1"]
[WhiteTeam "Nijmegen"]
[BlackTeam "Calder HMC"]
[WhiteTeamCountry "NED"]
[BlackTeamCountry "NED"]

1. e4 c5 2. Nf3 d6 3. Bb5+ Nd7 4. c3 Ngf6 5. Qe2 a6 6. Ba4 b5 7. Bc2 e5 8. d4
Be7 9. O-O O-O 10. Rd1 Qc7 11. Bg5 Bb7 12. d5 c4 13. Nbd2 h6 14. Bh4 g6 15. h3
Kg7 16. Nf1 Bd8 17. a4 Qb8 18. axb5 axb5 19. Ne3 Bb6 20. Kh1 Nh5 21. Rxa8 Bxa8
22. Qd2 Rh8 23. Ra1 Bb7 24. Ng1 Nc5 25. Ne2 Bc8 26. f3 Bd7 27. g4 Nf6 28. Kg2
Bd8 29. Bf2 h5 30. Ng3 Be7 31. Nef1 Qc8 32. Ne3 Bd8 33. Qe2 Ng8 34. Rh1 hxg4
35. hxg4 Rxh1 36. Kxh1 Bg5 37. Nd1 Nf6 38. Be3 Nh7 39. Kg2 Qa8 40. Qd2 f6 41.
Nh1 Qa1 42. Nhf2 Bxe3 43. Qxe3 g5 44. Nh3 Kh6 45. Ng1 Nf8 46. Ne2 Nd3 47. Qd2
Nf4+ 48. Nxf4 gxf4 49. b3 Ng6 50. Qf2 Qc1 51. b4 Kg5 52. Kh3 Bc8 53. Kg2 Nh4+
54. Kh3 Nxf3 55. Qxf3 Qxc2 56. Nf2 Qd2 57. Kg2 Qe3 58. Qh3 Qxh3+ 59. Kxh3 Bd7
0-1

[Event "Wch U12"]
[Site "Kemer"]
[Date "2009.11.12"]
[Round "1"]
[White "Girish, A Koushnik"]
[Black "Vicas, Marijus"]
[Result "1-0"]
[WhiteElo "2246"]
[BlackElo "1838"]
[PlyCount "103"]
[EventDate "2009.11.12"]
[EventType "swiss"]
[EventRounds "11"]
[EventCountry "TUR"]
[SourceTitle "EXT 2010"]
[Source "ChessBase"]
[SourceDate "2010.11.25"]
[SourceVersion "1"]
[SourceVersionDate "2010.11.25"]
[SourceQuality "1"]

1. d4 d5 2. Nf3 Nf6 3. c4 e6 4. Nc3 c6 5. e3 Nbd7 6. Qc2 Be7 7. Be2 O-O 8. O-O
Re8 9. b3 Bf8 10. Bb2 g6 11. Rad1 Bg7 12. e4 Nxe4 13. Nxe4 dxe4 14. Qxe4 c5 15.
Ne5 Nxe5 16. dxe5 Qc7 17. Bf3 Rb8 18. Rd6 Bd7 19. Rfd1 Bc6 20. Qe3 Bxf3 21.
Qxf3 Red8 22. Qe3 Bf8 23. R6d3 Be7 24. Bc3 Rxd3 25. Rxd3 Rd8 26. f4 Rd7 27. Qd2
Rxd3 28. Qxd3 Qd8 29. Qf3 Qd7 30. a4 a6 31. a5 Qc6 32. Kf2 Bh4+ 33. Ke2 Be7 34.
g4 Kf8 35. Qxc6 bxc6 36. Kf3 Ke8 37. Ke4 Kd7 38. f5 g5 39. f6 Bf8 40. Bd2 h6
41. Kf3 Kd8 42. Kg3 Kd7 43. h4 Kd8 44. hxg5 hxg5 45. Bxg5 Kd7 46. Bd2 Ke8 47.
Kh4 Kd8 48. Kh5 Kd7 49. g5 Kd8 50. g6 fxg6+ 51. Kxg6 Ke8 52. Bg5 1-0

[Event "Wch U12"]
[Site "Kemer"]
[Date "2009.11.13"]
[Round "2"]
[White "Khamidov, Komil"]
[Black "Girish, A Koushnik"]
[Result "0-1"]
[WhiteElo "1979"]
[BlackElo "2246"]
[PlyCount "49"]
[EventDate "2009.11.12"]
[EventType "swiss"]
[EventRounds "11"]
[EventCountry "TUR"]
[SourceTitle "EXT 2010"]
[Source "ChessBase"]
[SourceDate "2010.11.25"]
[SourceVersion "1"]
[SourceVersionDate "2010.11.25"]
[SourceQuality "1"]

1. e4 e5 2. Nf3 Nc6 3. Bc4 Nf6 4. d3 Be7 5. Nc3 O-O 6. Be3 d6 7. Qd2 Na5 8. Bb3
c6 9. d4 exd4 10. Bxd4 b5 11. O-O b4 12. Bxf6 Bxf6 13. Nb1 Be7 14. Qxb4 c5 15.
Qd2 c4 16. Ba4 Rb8 17. c3 Nb7 18. Bc2 Nc5 19. Na3 Be6 20. Nd4 Qb6 21. b4 cxb3
22. Nxe6 bxc2 23. Qxc2 fxe6 24. Nc4 Bg5 25. Ne3 0-1